| 000 | 01562nam0a2200337 4500 | ||
|---|---|---|---|
| 001 | RU\NLR\bibl\1788783 | ||
| 005 | 20250616141909.0 | ||
| 010 |
_a978-5-8158-0855-3 _9150 |
||
| 021 |
_aRU _b2011-47833 _93399 |
||
| 035 | _a(NLR Aleph) 001779494 | ||
| 090 |
_a1688503 _c1688503 |
||
| 100 | _a20110714d2011 |||y0rusy50 ca | ||
| 101 | 0 | _arus | |
| 102 | _aRU | ||
| 105 | _ay ||||||||| | ||
| 200 | 1 |
_aМаркетинг: итоговый контроль _eучебное пособие _fЛ.М. Наумова, Е.С. Иванова _gМ-во образования и науки Рос. Федерации, Гос. образоват. учреждение высш. проф. образования "Мар. гос. техн. ун-т" |
|
| 210 |
_aЙошкар-Ола _cМарГТУ _d2011 |
||
| 215 |
_a131 с. _d20 |
||
| 320 | _aБиблиогр.: с. 128-129 (12 назв.) | ||
| 606 | 1 |
_aМаркетинг _jУчебные издания для высших учебных заведений _91262222 _3RU\NLR\auth\66200829 |
|
| 686 | _aУ5-361.4я73 | ||
| 700 | 1 |
_4070 _7ca _8rus _aНаумова _bЛ. М. _cканд. экон. наук _gЛюдмила Михайловна _933435 _3RU\NLR\AUTH\7750501 |
|
| 701 | 1 |
_4070 _aИванова _bЕ. С. _cканд. экон. наук, маркетинг _gЕвгения Сергеевна _9225804 _3RU\NLR\AUTH\770225860 |
|
| 801 | 0 |
_aRU _bNLR _c20110714 _gRCR |
|
| 801 | 1 |
_aRU _bNLR _c20110714 |
|
| 830 | _aавт. по кн. | ||
| 942 | _cBOOK | ||
| 980 | _aNB | ||
| 980 | _aNBR | ||